|
|
|
|
| LEADER |
00793nam a22002051 4500 |
| 001 |
c000371976 |
| 003 |
CARM |
| 005 |
00000000000000.0 |
| 008 |
851211s1961 sp 0 spa d |
| 019 |
1 |
|
|a 4186806
|5 LACONCORD2021
|
| 035 |
|
|
|a (OCoLC)1543436
|5 LACONCORD2021
|
| 100 |
1 |
|
|a Zardoya, Concha.
|
| 245 |
1 |
0 |
|a Poesia espanola contemporanea :
|b estudios tematicos y estilisticos.
|
| 260 |
|
|
|a Madrid :
|b Ediciones Guadarrama,
|c 1961.
|
| 490 |
0 |
|
|a Coleccion Guadarrama de critica y ensayo ;
|v 34
|
| 650 |
|
0 |
|a Spanish poetry
|y 20th century.
|
| 852 |
8 |
|
|b CARM
|h A1:AN08G0
|i B08571
|p 0411529
|f BK
|
| 082 |
0 |
4 |
|a 861.6
|
| 999 |
f |
f |
|i 3ea679f4-81f8-53f3-a99d-dbc26dc4f2b6
|s 1818ec7f-4224-5f82-a563-8355bb086507
|
| 952 |
f |
f |
|p Can circulate
|a CAVAL
|b CAVAL
|c CAVAL
|d CARM 1 Store
|e B08571
|f A1:AN08G0
|h Other scheme
|i book
|m 0411529
|